| 000 | 00595cam a2200181 a 4500 | ||
|---|---|---|---|
| 020 | _a0136566952 | ||
| 040 |
_aDLC _cDLC _dDLC |
||
| 082 | 0 | 0 |
_a003.1 _221 |
| 100 | 1 | _aLjung, Lennart. | |
| 245 | 1 | 0 |
_aSystem identification : theory for the user _cLennart Ljung. |
| 250 | _a2nd ed. | ||
| 260 |
_aUpper Saddle River, NJ : _bPrentice Hall PTR, _cc1999. |
||
| 300 |
_axxii, 609 p. : _bill. ; _c25 cm. |
||
| 440 | 0 | _aPrentice Hall information and system sciences series | |
| 504 | _aIncludes bibliographical references (p. 565-593) and indexes. | ||
| 650 | 0 | _aSystem identification. | |
| 942 |
_2ddc _cBK |
||
| 999 |
_c11471 _d11471 |
||